000 00338nam a2200085Ia 4500
245 0 _aAccounting : a logical approach. Grade 12. Key = Rekeningkunde : 'n logiese benadering. Graad 12. Sleutel
100 _a ARCHER, A A Cape Town, 2002 - [2004] 1st ed., 5th impr. =
_978400
942 _cBK
008 210818s9999 xx 000 0 und d
999 _c458797
_d458795